Tax Compliance Costs for Companies in an Enlarged European Community : (Record no. 613267)

MARC details
000 -LEADER
fixed length control field 00546nam a2200193 a 4500
008 - FIXED-LENGTH DATA ELEMENTS--GENERAL INFORMATION
fixed length control field 260220s2008##################000#0#eng##
020 ## - INTERNATIONAL STANDARD BOOK NUMBER
ISBN 9789041126665
082 04 - DEWEY DECIMAL CLASSIFICATION NUMBER
Classification number 336.243
Item number LAN
100 1# - MAIN ENTRY--AUTHOR NAME
Personal name Lang, Michael,
245 10 - TITLE STATEMENT
Title Tax Compliance Costs for Companies in an Enlarged European Community :
260 ## - PUBLICATION, DISTRIBUTION, ETC. (IMPRINT)
Name of publisher Kluwer Law International B.V.,
Year of publication 2008.
300 ## - PHYSICAL DESCRIPTION
Number of Pages 524 pages
650 #0 - SUBJECT ADDED ENTRY--TOPICAL TERM
Topical Term Law.
942 ## - ADDED ENTRY ELEMENTS (KOHA)
Koha item type English Books
Holdings
Withdrawn status Lost status Damaged status Not for loan Home library Current library Shelving location Date acquired Full call number Accession Number Price effective from Koha item type
        Anna Centenary Library Anna Centenary Library 4TH FLOOR, A WING 20.02.2026 336.243 LAN 441859 20.02.2026 English Books

Find us on the map